Catalogue de la Bibliothèque de l'ENSA

Enquete emploi aupres des menages 2013 (notice nᵒ 27325)

détails MARC
000 -LEADER
fixed length control field 00673nam a2200181zi 4500
005 - DATE AND TIME OF LATEST TRANSACTION
control field 20180313045106.0
037 ## - SOURCE D'ACQUISITION
Cote BC_1426 15
Forme de support Broché
040 ## - SOURCE DU CATALOGAGE
Origine cataloguage BC-ENSA
Langue du catalogage fre
041 ## - CODE DE LANGUE
Langue Français
Langue du résumé Français
110 ## - AUTEUR MORAL
Nom de collectivité Office national des statistiques. Direction technique chargée des statistiques de la population et de l'emploi
245 ## - MENTION DU TITRE
Titre Enquete emploi aupres des menages 2013
260 ## - PUBLICATION, DIFFUSION, ETC. (ADRESSE BIBLIOGRAPHIQUE)
Lieu d'édition Alger
Nom de l'éditeur ONS
Année d'édition 2012
300 ## - DESCRIPTION MATÉRIELLE
Illustration ill.
Nombre de pages 137 p.
Format 29 cm
541 ## - NOTE SUR LA SOURCE IMMÉDIATE D'ACQUISITION
Méthode d'acquisition Abonnement
562 ## - NOTE D'IDENTIFICATION DES EXEMPLAIRES ET VERSIONS
Numbre d' exemplaire 01 exemplaire(s)
942 ## - ADDED ENTRY ELEMENTS (KOHA)
Type document Ouvrage
653 ## - DESCRIPTEUR LIBRE
Mots clés libres EMPLOI/ENQUETE/POPULATION ACTIVE/MAIN D'OEUVRE SALARIEE/TRAVAILLEUR/ALGERIE
Exemplaires
statut de retrait Statut emplacement permanent Localisation actuelle Cote code à barre Koha type d'élément
    Bibliothèque Centrale Bibliothèque Centrale BC_1426 15 BC_1426 15 Ouvrage

Adresse: Ecole Nationale Supérieure Agronomique Hassen Badi - El Harrach Alger, Algérie

Tél +213 (0) 23 82 85 07+213 (0) 23 82 85 12 Fax +213 23 82 85 03/04 Courriel: bibliotheque@edu.ensa.dz